[Event "DVM U20 2020"]
[Site "Willingen GER"]
[Date "2021.06.24"]
[Round "2"]
[White "Pivtorak, Illia"]
[Black "Flood, Yosime"]
[Result "1-0"]
[Termination "normal"]
[Board "8.4"]
[WhiteElo "1509"]
[BlackElo "1697"]
[WhiteClock "00:10:41"]
[BlackClock "00:21:28"]
[WhiteTeam "Schachklub König Plauen"]
[BlackTeam "SC Kreuzberg e.V."]
[PlyCount "73"]
[WhiteFideId "14194317"]
[BlackFideId "16269535"]
[EventCountry "GER"]
[EventRounds "7"]
[EventType "team-swiss"]
[EventDate "2021.06.23"]

1. d4 {[%clk 01:30:58]} d5 {[%clk 01:30:42]} {[%emt 00:00:18]} 2. Bf4 {[%clk
01:31:24]} {[%emt 00:00:04]} c5 {[%clk 01:31:00]} {[%emt 00:00:13]} 3. e3
{[%clk 01:31:41]} {[%emt 00:00:12]} Nc6 {[%clk 01:31:18]} {[%emt 00:00:12]} 4.
c3 {[%clk 01:30:58]} {[%emt 00:01:13]} Nf6 {[%clk 01:31:35]} {[%emt 00:00:12]}
5. Nf3 {[%clk 01:30:58]} {[%emt 00:00:29]} Qb6 {[%clk 01:31:49]} {[%emt
00:00:18]} 6. Qb3 {[%clk 01:28:10]} {[%emt 00:03:18]} c4 {[%clk 01:31:50]}
{[%emt 00:00:29]} 7. Qc2 {[%clk 01:28:34]} {[%emt 00:00:06]} Bf5 {[%clk
01:31:48]} {[%emt 00:00:33]} 8. Qc1 {[%clk 01:28:50]} {[%emt 00:00:12]} Qd8
{[%clk 01:28:30]} {[%emt 00:03:48]} 9. Nh4 {[%clk 01:26:37]} {[%emt 00:02:43]}
Bd7 {[%clk 01:24:16]} {[%emt 00:04:44]} 10. h3 {[%clk 01:23:56]} {[%emt
00:03:11]} h6 {[%clk 01:18:10]} {[%emt 00:06:36]} 11. Bh2 {[%clk 01:20:34]}
{[%emt 00:03:52]} g5 {[%clk 01:13:16]} {[%emt 00:05:24]} 12. Nf3 {[%clk
01:20:56]} {[%emt 00:00:08]} Bf5 {[%clk 01:13:30]} {[%emt 00:00:16]} 13. Nbd2
{[%clk 01:15:59]} {[%emt 00:05:28]} e6 {[%clk 01:05:12]} {[%emt 00:08:48]} 14.
b3 {[%clk 01:08:22]} {[%emt 00:08:07]} Qa5 {[%clk 00:57:17]} {[%emt 00:08:25]}
15. a4 {[%clk 01:04:08]} {[%emt 00:04:43]} cxb3 {[%clk 00:50:54]} {[%emt
00:06:53]} 16. Nxb3 {[%clk 00:56:13]} {[%emt 00:06:43]} Qb6 17. Qb2 {[%clk
00:50:33]} {[%emt 00:14:54]} Ne4 {[%clk 00:35:44]} 18. a5 {[%emt 00:11:26]} Qd8
19. Nbd2 {[%clk 00:43:17]} {[%emt 00:06:29]} Qd7 {[%clk 00:29:14]} {[%emt
00:07:00]} 20. Ne5 {[%clk 00:35:41]} {[%emt 00:08:06]} Qc8 {[%clk 00:27:31]}
{[%emt 00:02:13]} 21. Nxe4 {[%clk 00:34:44]} {[%emt 00:01:26]} Bxe4 {[%clk
00:26:32]} {[%emt 00:01:29]} 22. a6 {[%clk 00:32:52]} {[%emt 00:02:22]} Nd8
{[%clk 00:26:51]} {[%emt 00:00:11]} 23. f3 {[%clk 00:20:12]} {[%emt 00:13:09]}
Bh7 {[%clk 00:24:32]} {[%emt 00:02:50]} 24. axb7 {[%clk 00:15:50]} {[%emt
00:04:52]} Qxb7 {[%clk 00:24:03]} {[%emt 00:00:59]} 25. Qxb7 {[%clk 00:15:19]}
{[%emt 00:01:00]} Nxb7 {[%clk 00:24:29]} {[%emt 00:00:06]} 26. Bb5+ {[%clk
00:15:40]} {[%emt 00:00:09]} Ke7 {[%clk 00:23:38]} {[%emt 00:01:20]} 27. Bc6
{[%clk 00:15:45]} {[%emt 00:00:24]} Rc8 {[%clk 00:21:21]} {[%emt 00:02:48]} 28.
Bxb7 {[%clk 00:12:34]} {[%emt 00:03:42]} Rxc3 {[%clk 00:21:44]} {[%emt
00:00:07]} 29. O-O {[%clk 00:11:42]} {[%emt 00:01:20]} f6 {[%clk 00:21:38]}
{[%emt 00:00:37]} 30. Nc6+ {[%clk 00:10:48]} {[%emt 00:01:24]} Kd7 {[%clk
00:21:52]} {[%emt 00:00:16]} 31. Rxa7 {[%clk 00:10:12]} {[%emt 00:01:06]} Rxc6
{[%clk 00:21:44]} {[%emt 00:00:37]} 32. Bxc6+ {[%clk 00:10:31]} {[%emt
00:00:12]} Kxc6 {[%clk 00:22:09]} {[%emt 00:00:05]} 33. Rc1+ {[%clk 00:10:33]}
{[%emt 00:00:27]} Kb6 {[%clk 00:22:28]} {[%emt 00:00:12]} 34. Rcc7 {[%clk
00:10:49]} {[%emt 00:00:14]} Bd3 {[%clk 00:22:15]} {[%emt 00:00:43]} 35. Rcb7+
{[%clk 00:10:35]} {[%emt 00:00:43]} Kc6 {[%clk 00:22:33]} {[%emt 00:00:13]} 36.
Rb8 {[%clk 00:10:41]} {[%emt 00:00:24]} e5 {[%clk 00:21:28]} {[%emt 00:01:35]}
37. Raa8 {[%clk 00:10:41]} {[%emt 00:00:30]} 1-0

[Event "DVM U20 2020"]
[Site "Willingen GER"]
[Date "2021.06.24"]
[Round "2"]
[White "Rose, Luis Stratos"]
[Black "Nicklaus, Timm"]
[Result "1/2-1/2"]
[Termination "normal"]
[Board "8.5"]
[WhiteElo "1608"]
[BlackElo "1727"]
[WhiteClock "00:07:00"]
[BlackClock "00:50:45"]
[WhiteTeam "SC Kreuzberg e.V."]
[BlackTeam "Schachklub König Plauen"]
[PlyCount "69"]
[WhiteFideId "12976008"]
[BlackFideId "12957143"]
[EventCountry "GER"]
[EventRounds "7"]
[EventType "team-swiss"]
[EventDate "2021.06.23"]

1. d4 {[%clk 01:30:57]} {[%emt 00:00:04]} d5 {[%clk 01:30:56]} {[%emt
00:00:03]} 2. Nf3 {[%clk 01:31:22]} {[%emt 00:00:05]} e6 {[%clk 01:31:07]}
{[%emt 00:00:20]} 3. Bf4 {[%clk 01:31:45]} {[%emt 00:00:05]} Nf6 {[%clk
01:31:10]} {[%emt 00:00:27]} 4. e3 {[%clk 01:32:02]} {[%emt 00:00:13]} c5
{[%clk 01:30:01]} {[%emt 00:01:39]} 5. c3 {[%clk 01:31:09]} {[%emt 00:01:24]}
Nc6 {[%clk 01:28:48]} {[%emt 00:01:43]} 6. h3 {[%clk 01:28:43]} {[%emt
00:02:56]} Be7 {[%clk 01:27:06]} {[%emt 00:02:11]} 7. Bd3 {[%clk 01:24:16]}
{[%emt 00:04:57]} O-O {[%clk 01:26:37]} {[%emt 00:01:00]} 8. O-O {[%clk
01:24:42]} {[%emt 00:00:04]} Bd6 {[%clk 01:21:39]} {[%emt 00:05:28]} 9. Bxd6
{[%clk 01:14:45]} {[%emt 00:10:26]} Qxd6 {[%clk 01:21:59]} {[%emt 00:00:10]}
10. Nbd2 {[%clk 01:14:13]} {[%emt 00:01:03]} cxd4 {[%clk 01:21:11]} {[%emt
00:01:18]} 11. exd4 {[%clk 01:13:58]} {[%emt 00:00:43]} e5 {[%clk 01:19:09]}
{[%emt 00:02:33]} 12. Nxe5 {[%clk 01:11:30]} {[%emt 00:02:58]} Nxe5 {[%emt
00:00:19]} 13. dxe5 {[%clk 01:11:53]} {[%emt 00:00:06]} Qxe5 {[%clk 01:19:43]}
{[%emt 00:00:09]} 14. Nf3 {[%clk 01:10:41]} {[%emt 00:01:41]} Qd6 {[%clk
01:19:02]} {[%emt 00:01:10]} 15. Re1 {[%clk 01:09:24]} {[%emt 00:01:48]} b6
{[%clk 01:16:41]} {[%emt 00:02:51]} 16. Nd4 {[%clk 01:05:17]} {[%emt 00:04:37]}
Bb7 {[%clk 01:12:36]} {[%emt 00:04:35]} 17. Nf5 {[%clk 00:40:08]} {[%emt
00:25:39]} Qd8 {[%clk 01:09:00]} {[%emt 00:04:06]} 18. Qf3 {[%clk 00:32:28]}
{[%emt 00:08:10]} Ne4 {[%clk 01:04:06]} {[%emt 00:05:25]} 19. Bxe4 {[%clk
00:27:45]} {[%emt 00:05:13]} dxe4 {[%clk 01:01:49]} {[%emt 00:02:46]} 20. Qg3
{[%clk 00:28:09]} {[%emt 00:00:06]} Qf6 {[%clk 00:58:39]} {[%emt 00:03:40]} 21.
Nd6 {[%clk 00:26:45]} {[%emt 00:01:54]} Rab8 {[%clk 00:54:24]} {[%emt
00:04:46]} 22. Nxb7 {[%clk 00:23:23]} {[%emt 00:03:52]} Rxb7 {[%clk 00:54:48]}
{[%emt 00:00:06]} 23. Rxe4 {[%clk 00:23:36]} {[%emt 00:00:16]} Rd7 {[%clk
00:54:37]} {[%emt 00:00:41]} 24. Rae1 {[%clk 00:22:01]} {[%emt 00:02:04]} h6
{[%clk 00:53:18]} {[%emt 00:01:51]} 25. Qe3 {[%clk 00:17:23]} {[%emt 00:05:07]}
Qd8 {[%clk 00:50:09]} {[%emt 00:03:39]} 26. Rg4 {[%clk 00:13:13]} {[%emt
00:04:41]} Qf6 {[%clk 00:49:45]} {[%emt 00:00:53]} 27. Re4 {[%clk 00:11:22]}
{[%emt 00:02:22]} Qd8 {[%clk 00:49:31]} {[%emt 00:00:43]} 28. Re8 {[%clk
00:10:19]} {[%emt 00:01:34]} Rxe8 {[%clk 00:49:54]} {[%emt 00:00:07]} 29. Qxe8+
{[%clk 00:10:31]} {[%emt 00:00:17]} Qxe8 {[%clk 00:50:13]} {[%emt 00:00:11]}
30. Rxe8+ {[%clk 00:10:59]} {[%emt 00:00:02]} Kh7 {[%clk 00:50:31]} {[%emt
00:00:12]} 31. Re2 {[%clk 00:11:27]} {[%emt 00:00:02]} Kg6 {[%clk 00:50:46]}
{[%emt 00:00:15]} 32. g3 {[%clk 00:10:14]} {[%emt 00:01:44]} Kf6 {[%clk
00:50:39]} {[%emt 00:00:36]} 33. Kg2 {[%clk 00:10:15]} {[%emt 00:00:30]} Rd3
{[%clk 00:50:38]} {[%emt 00:00:30]} 34. Kf1 {[%clk 00:06:35]} {[%emt 00:04:10]}
Rd1+ {[%clk 00:50:45]} {[%emt 00:00:23]} 35. Kg2 {[%clk 00:07:00]} {[%emt
00:00:05]} 1/2-1/2

[Event "DVM U20 2020"]
[Site "Willingen GER"]
[Date "2021.06.24"]
[Round "2"]
[White "Melitzki, Richard"]
[Black "Fock, Sana"]
[Result "1-0"]
[Termination "normal"]
[Board "8.6"]
[WhiteElo "1425"]
[BlackElo "1821"]
[WhiteClock "00:15:56"]
[BlackClock "00:02:18"]
[WhiteTeam "Schachklub König Plauen"]
[BlackTeam "SC Kreuzberg e.V."]
[PlyCount "73"]
[WhiteFideId "16223420"]
[BlackFideId "12981966"]
[EventCountry "GER"]
[EventRounds "7"]
[EventType "team-swiss"]
[EventDate "2021.06.23"]

1. e4 {[%clk 01:30:58]} c5 {[%clk 01:30:55]} {[%emt 00:00:06]} 2. Nf3 {[%clk
01:31:23]} {[%emt 00:00:05]} d6 {[%clk 01:31:20]} {[%emt 00:00:07]} 3. d4
{[%clk 01:31:39]} {[%emt 00:00:12]} cxd4 {[%clk 01:31:44]} {[%emt 00:00:06]} 4.
Nxd4 {[%clk 01:32:08]} {[%emt 00:00:03]} Nf6 {[%clk 01:32:06]} {[%emt
00:00:07]} 5. Nc3 {[%clk 01:32:32]} {[%emt 00:00:07]} a6 {[%clk 01:32:28]}
{[%emt 00:00:07]} 6. Be2 {[%clk 01:30:58]} {[%emt 00:02:03]} e5 {[%clk
01:31:50]} {[%emt 00:01:08]} 7. Nb3 {[%clk 01:30:54]} {[%emt 00:00:33]} Be6
{[%clk 01:31:56]} {[%emt 00:00:25]} 8. O-O {[%clk 01:30:57]} {[%emt 00:00:27]}
Nbd7 {[%clk 01:31:34]} {[%emt 00:00:53]} 9. f4 {[%clk 01:29:22]} {[%emt
00:02:04]} exf4 {[%clk 01:28:37]} {[%emt 00:03:27]} 10. Bxf4 {[%clk 01:29:43]}
{[%emt 00:00:08]} Ne5 {[%clk 01:26:24]} {[%emt 00:02:44]} 11. Kh1 {[%clk
01:26:51]} {[%emt 00:03:22]} Be7 {[%clk 01:23:24]} {[%emt 00:03:30]} 12. Nd4
{[%clk 01:24:32]} {[%emt 00:02:49]} Bd7 {[%clk 01:15:05]} {[%emt 00:08:50]} 13.
Nf3 {[%clk 01:19:04]} {[%emt 00:05:57]} Qa5 {[%clk 01:03:11]} {[%emt 00:12:24]}
14. Qd4 {[%clk 01:08:31]} {[%emt 00:11:02]} Nc6 {[%clk 00:59:10]} {[%emt
00:04:32]} 15. Qf2 {[%clk 01:04:55]} {[%emt 00:04:04]} O-O {[%clk 00:54:23]}
{[%emt 00:05:17]} 16. Rad1 {[%clk 01:03:47]} {[%emt 00:01:38]} Qb4 {[%clk
00:50:04]} {[%emt 00:04:50]} 17. Bd3 {[%clk 00:54:01]} {[%emt 00:10:15]} Rfe8
{[%clk 00:36:20]} {[%emt 00:14:14]} 18. Bc1 {[%clk 00:40:50]} {[%emt 00:13:42]}
Bd8 {[%clk 00:28:41]} {[%emt 00:08:10]} 19. a3 {[%clk 00:31:25]} {[%emt
00:09:55]} Qa5 {[%clk 00:25:00]} {[%emt 00:04:10]} 20. Nd5 {[%clk 00:27:40]}
{[%emt 00:04:16]} Ne5 {[%clk 00:15:04]} {[%emt 00:10:26]} 21. Nxe5 {[%clk
00:26:50]} {[%emt 00:01:20]} dxe5 {[%clk 00:14:35]} {[%emt 00:00:59]} 22. Bg5
{[%clk 00:26:42]} {[%emt 00:00:38]} Re6 {[%clk 00:11:23]} {[%emt 00:03:41]} 23.
Bc4 {[%clk 00:20:13]} {[%emt 00:07:00]} Be8 {[%clk 00:10:08]} {[%emt 00:01:46]}
24. Nxf6+ {[%clk 00:19:33]} {[%emt 00:01:09]} Rxf6 {[%clk 00:10:27]} {[%emt
00:00:10]} 25. Bxf6 {[%clk 00:19:54]} {[%emt 00:00:10]} Bxf6 {[%clk 00:10:53]}
{[%emt 00:00:03]} 26. Qg3 {[%clk 00:18:36]} {[%emt 00:01:48]} Qb6 {[%clk
00:10:44]} {[%emt 00:00:39]} 27. Rf3 {[%clk 00:18:17]} {[%emt 00:00:49]} Rc8
{[%clk 00:07:26]} {[%emt 00:03:48]} 28. Bb3 {[%clk 00:18:16]} {[%emt 00:00:31]}
Kh8 {[%clk 00:07:20]} {[%emt 00:00:36]} 29. Rfd3 {[%clk 00:17:39]} {[%emt
00:01:08]} Qb5 {[%clk 00:04:34]} {[%emt 00:03:16]} 30. h3 {[%clk 00:17:10]}
{[%emt 00:00:58]} g6 {[%clk 00:03:43]} {[%emt 00:01:21]} 31. Qf3 {[%clk
00:17:26]} {[%emt 00:00:15]} Kg7 {[%clk 00:02:57]} {[%emt 00:01:15]} 32. Rd5
{[%clk 00:17:11]} {[%emt 00:00:45]} Rc5 {[%clk 00:02:31]} {[%emt 00:00:56]} 33.
Ba4 {[%clk 00:16:11]} {[%emt 00:01:31]} Qxa4 {[%clk 00:02:08]} {[%emt
00:00:53]} 34. Rxc5 {[%clk 00:16:33]} {[%emt 00:00:08]} Bc6 {[%clk 00:02:08]}
{[%emt 00:00:29]} 35. Rf1 {[%clk 00:16:31]} {[%emt 00:00:32]} Qxe4 {[%clk
00:01:57]} {[%emt 00:00:41]} 36. Qxf6+ {[%clk 00:16:30]} {[%emt 00:00:32]} Kh6
{[%clk 00:02:18]} {[%emt 00:00:09]} 37. Qf2 {[%clk 00:15:56]} {[%emt 00:01:02]}
1-0

[Event "DVM U20 2020"]
[Site "Willingen GER"]
[Date "2021.06.25"]
[Round "3"]
[White "Trifan, Andrei Ioan"]
[Black "Suvorov, Luca"]
[Result "1/2-1/2"]
[Termination "normal"]
[Board "1.2"]
[BlackTitle "FM"]
[WhiteElo "2237"]
[BlackElo "2279"]
[WhiteClock "00:19:08"]
[BlackClock "00:01:43"]
[WhiteTeam "OSG Baden-Baden"]
[BlackTeam "Schachgemeinschaft Porz e. V."]
[PlyCount "104"]
[WhiteFideId "12967068"]
[BlackFideId "12977071"]
[EventCountry "GER"]
[EventRounds "7"]
[EventType "team-swiss"]
[EventDate "2021.06.23"]

1. e4 {[%clk 01:30:55]} {[%emt 00:00:04]} e5 {[%clk 01:30:57]} {[%emt
00:00:05]} 2. Nf3 {[%clk 01:31:10]} {[%emt 00:00:14]} Nc6 {[%clk 01:31:21]}
{[%emt 00:00:06]} 3. Bb5 {[%clk 01:31:23]} {[%emt 00:00:16]} a6 {[%clk
01:31:46]} {[%emt 00:00:07]} 4. Ba4 {[%clk 01:31:16]} {[%emt 00:00:37]} Nf6
{[%clk 01:32:10]} {[%emt 00:00:06]} 5. O-O {[%clk 01:31:28]} {[%emt 00:00:18]}
Be7 {[%clk 01:32:30]} {[%emt 00:00:11]} 6. Re1 {[%clk 01:31:42]} {[%emt
00:00:15]} b5 {[%clk 01:32:42]} {[%emt 00:00:18]} 7. Bb3 {[%clk 01:32:00]}
{[%emt 00:00:11]} d6 {[%clk 01:33:07]} {[%emt 00:00:06]} 8. c3 {[%clk
01:31:48]} {[%emt 00:00:42]} O-O {[%clk 01:33:12]} {[%emt 00:00:25]} 9. h3
{[%clk 01:31:46]} {[%emt 00:00:32]} Na5 {[%clk 01:33:08]} {[%emt 00:00:34]} 10.
Bc2 {[%clk 01:32:00]} {[%emt 00:00:15]} c5 {[%clk 01:33:25]} {[%emt 00:00:14]}
11. d4 {[%clk 01:31:55]} {[%emt 00:00:34]} Qc7 {[%clk 01:33:27]} {[%emt
00:00:28]} 12. Nbd2 {[%clk 01:31:45]} {[%emt 00:00:39]} Bd7 {[%clk 01:33:06]}
{[%emt 00:00:53]} 13. d5 {[%clk 01:13:01]} {[%emt 00:19:14]} c4 {[%clk
01:32:46]} {[%emt 00:00:50]} 14. Nf1 {[%clk 01:09:56]} {[%emt 00:03:35]} Nb7
{[%clk 01:32:24]} {[%emt 00:00:52]} 15. Ng3 {[%clk 01:09:59]} {[%emt 00:00:26]}
Ne8 {[%clk 01:20:24]} {[%emt 00:12:31]} 16. a4 {[%clk 01:02:49]} {[%emt
00:07:39]} Rb8 {[%clk 01:15:07]} {[%emt 00:05:48]} 17. axb5 {[%clk 00:51:42]}
{[%emt 00:11:37]} axb5 {[%clk 01:15:21]} {[%emt 00:00:15]} 18. Ra7 {[%clk
00:48:21]} {[%emt 00:03:51]} g6 {[%clk 01:10:27]} {[%emt 00:05:25]} 19. Be3
{[%clk 00:43:50]} {[%emt 00:05:00]} Ng7 {[%clk 00:59:27]} {[%emt 00:11:28]} 20.
Qd2 {[%clk 00:40:42]} {[%emt 00:03:41]} Ra8 {[%clk 00:50:03]} {[%emt 00:09:54]}
21. Rea1 {[%clk 00:39:35]} {[%emt 00:01:35]} Rxa7 {[%clk 00:49:55]} {[%emt
00:00:39]} 22. Rxa7 {[%clk 00:39:36]} {[%emt 00:00:29]} Rb8 {[%clk 00:48:42]}
{[%emt 00:01:44]} 23. h4 {[%clk 00:32:58]} {[%emt 00:07:07]} h5 {[%clk
00:43:36]} {[%emt 00:05:37]} 24. Kh2 {[%clk 00:32:04]} {[%emt 00:01:22]} Qc8
{[%clk 00:40:52]} {[%emt 00:03:15]} 25. Ng5 {[%clk 00:29:24]} {[%emt 00:03:09]}
f6 {[%clk 00:29:41]} {[%emt 00:11:43]} 26. Nh3 {[%clk 00:28:55]} {[%emt
00:00:57]} Ra8 {[%clk 00:22:05]} {[%emt 00:08:08]} 27. Rxa8 {[%clk 00:28:13]}
{[%emt 00:01:12]} Qxa8 {[%clk 00:22:33]} {[%emt 00:00:01]} 28. f4 {[%clk
00:26:10]} {[%emt 00:02:32]} Bxh3 {[%clk 00:21:46]} {[%emt 00:01:18]} 29. Kxh3
{[%clk 00:23:39]} {[%emt 00:03:00]} exf4 {[%clk 00:20:21]} {[%emt 00:01:56]}
30. Bxf4 {[%clk 00:23:57]} {[%emt 00:00:13]} Qc8+ {[%clk 00:20:42]} {[%emt
00:00:09]} 31. Kh2 {[%clk 00:23:56]} {[%emt 00:00:30]} Qg4 {[%clk 00:19:59]}
{[%emt 00:01:14]} 32. Ne2 {[%clk 00:22:29]} {[%emt 00:01:56]} Qxh4+ {[%clk
00:18:19]} {[%emt 00:02:10]} 33. Kg1 {[%clk 00:22:53]} {[%emt 00:00:06]} Nc5
{[%clk 00:11:12]} {[%emt 00:07:38]} 34. Bg3 {[%clk 00:22:21]} {[%emt 00:01:01]}
Qg4 {[%clk 00:10:15]} {[%emt 00:01:27]} 35. Qe3 {[%clk 00:22:30]} {[%emt
00:00:22]} h4 {[%clk 00:06:12]} {[%emt 00:04:33]} 36. Bh2 {[%clk 00:21:47]}
{[%emt 00:01:13]} Nh5 {[%clk 00:02:37]} {[%emt 00:04:05]} 37. Qf3 {[%clk
00:12:53]} {[%emt 00:09:24]} Qg5 {[%clk 00:02:28]} {[%emt 00:00:38]} 38. Bf4
{[%clk 00:12:52]} {[%emt 00:00:31]} Nxf4 {[%clk 00:02:17]} {[%emt 00:00:42]}
39. Qxf4 {[%clk 00:13:11]} {[%emt 00:00:11]} Qxf4 {[%clk 00:00:36]} {[%emt
00:02:11]} 40. Nxf4 {[%clk 00:13:31]} {[%emt 00:00:09]} Kf7 {[%clk 00:00:37]}
{[%emt 00:00:29]} 41. Ne2 {[%clk 00:29:23]} {[%emt 00:14:38]} Nd3 {[%clk
00:17:16]} {[%emt 00:13:51]} 42. Nd4 {[%clk 00:27:22]} {[%emt 00:02:31]} Nxb2
{[%clk 00:14:39]} {[%emt 00:03:07]} 43. Nxb5 {[%clk 00:27:36]} {[%emt
00:00:17]} Bf8 {[%clk 00:08:11]} {[%emt 00:06:58]} 44. Bb1 {[%clk 00:22:12]}
{[%emt 00:05:53]} Ke7 {[%clk 00:06:36]} {[%emt 00:02:06]} 45. Ba2 {[%clk
00:20:51]} {[%emt 00:01:51]} Bh6 {[%clk 00:05:51]} {[%emt 00:01:15]} 46. Na3
{[%clk 00:20:22]} {[%emt 00:00:59]} Bd2 {[%clk 00:03:24]} {[%emt 00:02:57]} 47.
Nxc4 {[%clk 00:20:17]} {[%emt 00:00:35]} Bxc3 {[%clk 00:03:24]} {[%emt
00:00:29]} 48. Nxb2 Bxb2 {[%clk 00:03:53]} 49. Kf2 {[%clk 00:18:43]} {[%emt
00:02:12]} Be5 {[%clk 00:03:12]} {[%emt 00:01:12]} 50. Kf3 {[%clk 00:18:55]}
{[%emt 00:00:18]} Kd7 {[%clk 00:02:29]} {[%emt 00:01:13]} 51. Bb3 {[%clk
00:18:50]} {[%emt 00:00:35]} Kc7 {[%clk 00:01:44]} {[%emt 00:01:15]} 52. Ba4
{[%clk 00:19:08]} {[%emt 00:00:11]} Kb6 {[%clk 00:01:43]} {[%emt 00:00:32]}
1/2-1/2